<?xml version="1.0" encoding="UTF-8"?>
<record
    xmlns:xsi="http://www.w3.org/2001/XMLSchema-instance"
    xsi:schemaLocation="http://www.loc.gov/MARC21/slim http://www.loc.gov/standards/marcxml/schema/MARC21slim.xsd"
    xmlns="http://www.loc.gov/MARC21/slim">

  <leader>02207nam a2200253 a 4500</leader>
  <controlfield tag="001">BRCA_8922</controlfield>
  <controlfield tag="005">20190320210447.0</controlfield>
  <controlfield tag="008">270617s1776----sp-#######---#000-0#spa-#</controlfield>
  <datafield tag="041" ind1=" " ind2=" ">
    <subfield code="a">spa</subfield>
  </datafield>
  <datafield tag="044" ind1=" " ind2=" ">
    <subfield code="a">sp</subfield>
  </datafield>
  <datafield tag="084" ind1=" " ind2=" ">
    <subfield code="a">LE4</subfield>
    <subfield code="b">.Z48 1776</subfield>
  </datafield>
  <datafield tag="100" ind1="1" ind2=" ">
    <subfield code="a">Zevallos, Fernando de</subfield>
    <subfield code="9">22181</subfield>
  </datafield>
  <datafield tag="245" ind1="1" ind2="0">
    <subfield code="a">La falsa filosof&#xED;a, o el ate&#xED;smo, de&#xED;smo, materialismo, y dem&#xE1;s nuevas sectas, convencidos de crimen de estado, contra los soberanos y su regal&#xED;as, contra los magistrados y potestades legitimas</subfield>
    <subfield code="b">conclusi&#xF3;n del libro segundo, donde se disipan las cavilaciones, sangrientas de los falsos fil&#xF3;sofos contra la vidas de los pr&#xED;ncipes: se desvanecen su calumnias contra la Religi&#xF3;n Catholica: se demuestran las ventajas de &#xE9;sta para qualquiera forma legitima de Gobierno  se desata el problema de la grandeza de la monarqu&#xED;a de Espa&#xF1;a, y se ve que a pesar de los limites puestos por los fil&#xF3;sofos, dura por la religi&#xF3;n y por la tiran&#xED;a como ellos fingen : tomo sexto</subfield>
    <subfield code="c">su autor Fr. Fernando de Zevallos, Monge Geronymo del Monasterio de San Isidro del Campo.</subfield>
  </datafield>
  <datafield tag="260" ind1=" " ind2=" ">
    <subfield code="a">Madrid</subfield>
    <subfield code="b">en la Imprenta de Antonio Fern&#xE1;ndez</subfield>
    <subfield code="c">1776</subfield>
  </datafield>
  <datafield tag="300" ind1=" " ind2=" ">
    <subfield code="a">383 p. (t.6)</subfield>
    <subfield code="c">21.3 x 15.3 cm</subfield>
  </datafield>
  <datafield tag="500" ind1=" " ind2=" ">
    <subfield code="a">Con privilegio y las licencias necesarias</subfield>
  </datafield>
  <datafield tag="500" ind1=" " ind2=" ">
    <subfield code="a">Estado f&#xED;sico: presenta encuadernaci&#xF3;n en pergamino</subfield>
  </datafield>
  <datafield tag="500" ind1=" " ind2=" ">
    <subfield code="a">Con marca de fuego: &#x201C;Procedencia de la marca: Convento de San Diego de M&#xE9;xico, D. F.(1). Instituci&#xF3;n: Orden de Frailes Menores. Provincia de San Pedro y San Pablo de Michoac&#xE1;n. Descripci&#xF3;n: Monograma que se desata como: S[an] Die[go]. Observaciones: Rafael Sala, Carlos Krausse y David Saavedra la catalogan como perteneciente al Convento de San Diego de la Ciudad de M&#xE9;xico. ---------- La marca BF-12010 y la 12011 son un poco m&#xE1;s altas (20 x 23 mm) y la BEFK-12086 es m&#xE1;s alta y m&#xE1;s ancha (22 x 24 mm). Ubicaci&#xF3;n de la marca en el libro: Canto inferior&#x201D;</subfield>
  </datafield>
  <datafield tag="650" ind1="1" ind2="4">
    <subfield code="a">Iglesia cat&#xF3;lica</subfield>
    <subfield code="y">Siglo XVIII</subfield>
    <subfield code="9">22182</subfield>
  </datafield>
  <datafield tag="650" ind1="1" ind2="4">
    <subfield code="a">Filosof&#xED;a</subfield>
    <subfield code="y">Siglo XVIII</subfield>
    <subfield code="9">22183</subfield>
  </datafield>
  <datafield tag="856" ind1=" " ind2=" ">
    <subfield code="a">http://www.marcasdefuego.buap.mx:8180/xmLibris/projects/firebrand/item.jsp?repository=marcas_de_fuego&amp;key=marcas_de_fuego_franciscanas_20161116123045_bc66.xml&amp;num=144</subfield>
  </datafield>
  <datafield tag="902" ind1=" " ind2=" ">
    <subfield code="a">CFM</subfield>
  </datafield>
  <datafield tag="942" ind1=" " ind2=" ">
    <subfield code="2">lcc</subfield>
    <subfield code="c">B</subfield>
  </datafield>
  <datafield tag="999" ind1=" " ind2=" ">
    <subfield code="c">8573</subfield>
    <subfield code="d">8573</subfield>
  </datafield>
  <datafield tag="952" ind1=" " ind2=" ">
    <subfield code="0">0</subfield>
    <subfield code="1">0</subfield>
    <subfield code="4">0</subfield>
    <subfield code="7">0</subfield>
    <subfield code="a">BRCA</subfield>
    <subfield code="b">BRCA</subfield>
    <subfield code="d">2017-06-27</subfield>
    <subfield code="l">0</subfield>
    <subfield code="o">LE4 .Z48 1776</subfield>
    <subfield code="p">CFM00244</subfield>
    <subfield code="r">2019-03-22 00:00:00</subfield>
    <subfield code="w">2019-03-22</subfield>
    <subfield code="y">B</subfield>
  </datafield>
</record>
